Os três pequenos cozinheiros (Registo nº 4056)

Detalhes MARC
000 -Etiqueta do registo
Cabeçalho 00678nam0a2200229 4500
005 - Identificador da versão
Campo de controlo 20240813122051.0
010 ## - Número internacional normalizado dos livros (ISBN)
Número (ISBN) 972712268X
100 ## - Dados gerais de processamento
Dados gerais de processamento 20161216d2002 c y0pory5003 ba
102 ## - Pais de publicação ou produção
País de publicação Portugal
101 1# - Língua de publicação
Língua do texto, banda sonora, etc. Português
Língua do documento no original Alemão
215 ## - Descrição física 
Indicação específica da natureza do documento e extensão da espécie [28] p.
Outras indicações físicas il. color
200 1# - Titulo e menção de responsabilidade
Título próprio Os três pequenos cozinheiros
Primeira menção de responsabilidade Jutta Langreuter
Outras menções de responsabilidade [il.] Quentin Gréban
210 ## - Publicação, Distribuição, etc. 
Lugar da edição, distribuição, etc. Vila Nova de Gaia
Nome do editor, distribuidor, etc. Ed. Nova Gaia
Data da publicação, distribuição, etc. cop. 2002
606 ## - Nome comum usado como assunto
Número de registo de entrada de autoridade 0001462
Palavra de ordem Literatura alemã
Subdivisão de assunto Conto
Código do sistema CA
675 ## - Classificação Decimal Universal (CDU)
Notação 821.112.2-34
Edição 3ª ed.
Língua da edição por
702 #1 - Nome de autor-pessoa física (responsabilidade secundária)
Número de registo de entrada de autoridade 0000535
Palavra de ordem Gréban
Outra parte do nome não tomada para palavra de ordem Quentin
Código de função Ilustrador / Técnico de desenho computorizado
700 #1 - Nome de autor-pessoa física (responsabilidade principal)
Número de registo de entrada de autoridade 0000569
Palavra de ordem Langreuter
Outra parte do nome não tomada para palavra de ordem Jutta
966 ## - Identificação da Biblioteca
Sigla EBVEN
942 ## - Elementos de entrada adicionados (Koha)
Tipo de item no Koha Livro
Exemplares
Situação do levantamento Origin of item (home branch) (coded) Biblioteca de empréstimo Código de barras Cota Circulation type (not for loan) Tipo de documento Nota do exemplar Damaged status
  Biblioteca Escolar das Vendas Biblioteca Escolar das Vendas BEV917 8EST LAN   Livro Sem mensagem